| 000 | 01537 a2200265 4500 | ||
|---|---|---|---|
| 003 | Nust | ||
| 005 | 20230904085355.0 | ||
| 010 | _a 2004065974 | ||
| 020 | _c0471727849 (hc.) | ||
| 040 | _cNust | ||
| 082 | 0 | 0 | _a621.395,RAF |
| 100 | 1 |
_aRafiquzzaman, Mohamed. _995105 |
|
| 245 | 1 | 0 |
_aFundamentals of digital logic and microcomputer design / _cM. Rafiquzzaman. |
| 250 | _a5th ed. | ||
| 260 |
_aHoboken, N.J. : _bJ. Wiley & Sons, _cc2005. |
||
| 300 |
_axviii, 820 p. : _bill. ; _c26 cm. + _e1 CD-ROM (4 3/4 in.) |
||
| 505 | _aIntroduction to Digital Systems (Page-1), Number Systems and Codes (Page-23), Boolean Algebra and Digital Logic Gates (Page-53), Combinational Logic Design (Page-99), Sequential Logic Design (Page-135), Microcomputer Architecture, Programming and System Design Concept (Page-185), Design of Computer Instruction Set and the CPU (Page-237), Memory, I/O and Parallel Processing (Page-299), INTEL 8086 (Page-367), MOTOROLA MC 68000 (Page-457), Intel and MOTROLA 32-& 64-Bit Microprocessors (Page-543) , | ||
| 650 | 0 |
_aElectronic digital computers _xCircuits. _936507 |
|
| 650 | 0 |
_aLogic circuits. _917982 |
|
| 650 | 0 |
_aMicrocomputers _xDesign and construction. _999254 |
|
| 856 | 4 | 2 |
_3Contributor biographical information _uhttp://www.loc.gov/catdir/enhancements/fy0619/2004065974-b.html |
| 856 | 4 | 2 |
_3Publisher description _uhttp://www.loc.gov/catdir/enhancements/fy0619/2004065974-d.html |
| 856 | 4 | 2 |
_3Table of contents only _uhttp://www.loc.gov/catdir/enhancements/fy0619/2004065974-t.html |
| 942 |
_2ddc _cREF |
||
| 999 |
_c188953 _d188953 |
||